Realidad y tiempo en Zubiri
Gespeichert in:
| 1. Verfasser: | |
|---|---|
| Format: | Buch |
| Sprache: | Spanisch |
| Veröffentlicht: |
Granada, España:
Comares,
2006
|
| Schriftenreihe: | Filosofía Hoy
35 |
| Schlagworte: | |
| Tags: |
Tag hinzufügen
Keine Tags, Fügen Sie den ersten Tag hinzu!
|
MARC
| LEADER | 00000cam a2200000 a 4500 | ||
|---|---|---|---|
| 001 | UCJ0336 | ||
| 003 | CL-VaPUC | ||
| 005 | 20231204171922.0 | ||
| 008 | 060714e20060000SP |||||||||||||||||spa|d | ||
| 999 | |c 317200 |d 317198 | ||
| 020 | |a 8498360420 | ||
| 040 | |c Pontificia Universidad Católica de Valparaíso | ||
| 082 | 0 | 4 | |a 196.1 ESP 2006 |2 21 |
| 100 | |a Espinoza Lolas, Ricardo Andrés |e autor |9 500477 | ||
| 245 | 1 | 0 | |a Realidad y tiempo en Zubiri |
| 260 | |a Granada, España: |b Comares, |c 2006 | ||
| 300 | |a 362 páginas | ||
| 490 | |a Filosofía Hoy |v 35 | ||
| 500 | |a C10. Donación Facultad de Teología, libro pertenciente a la Profesora Eugenia Colomer (Q.E.P.D). Correo en papel 31/03/2022 | ||
| 583 | |a last modification |c 20190809 10:03:26 |k Rodrigo Vera | ||
| 600 | 0 | |a Zubiri, Xavier |2 CL-VaPUC |9 216 | |
| 650 | 0 | |a Filosofía española |x Crítica e interpretación |9 254895 | |
| 852 | |a BIBCUR | ||
| 942 | |c BK |2 ddc | ||
| 945 | |d 20060714 00:00:00 |a cmena | ||
| 952 | |0 0 |1 0 |4 0 |6 196_100000000000000_ESP_2006 |7 0 |8 A |9 393214 |a BIBEDU |b BIBEDU |d 2019-11-22 |i 4248015 |o 196.1 ESP 2006 |p 4248015 |r 2019-11-22 |w 2019-11-22 |y BK |k EDU | ||
| 952 | |0 0 |1 0 |4 0 |6 196_100000000000000_ESP_2006 |7 0 |8 A |9 393215 |a BIBEDU |b BIBEDU |d 2019-11-22 |i 4248023 |o 196.1 ESP 2006 |p 4248023 |r 2019-11-22 |w 2019-11-22 |y BK |k EDU | ||
| 952 | |0 0 |1 0 |4 0 |6 196_100000000000000_ESP_2006 |7 0 |8 A |9 393216 |a BIBEDU |b BIBEDU |d 2019-11-22 |i 4248031 |o 196.1 ESP 2006 |p 4248031 |r 2019-11-22 |w 2019-11-22 |y BK |k EDU | ||
| 952 | |0 0 |1 0 |4 0 |6 196_100000000000000_ESP_2006 |7 0 |8 A |9 393217 |a BIBEDU |b BIBEDU |d 2019-11-22 |i 424804K |o 196.1 ESP 2006 |p 424804K |r 2019-11-22 |w 2019-11-22 |y BK |k EDU | ||
| 952 | |0 0 |1 1 |4 0 |6 196_100000000000000_ESP_2006 |7 0 |8 A |9 393218 |a BIBARQ |b BIBARQ |d 2019-11-22 |i 4292049 |o 196.1 ESP 2006 |p 4292049 |r 2019-11-22 |w 2019-11-22 |x Retirado en Inventario 2023 |y BK |k ARQ | ||
| 952 | |0 0 |1 0 |4 0 |6 196_100000000000000_ESP_2006 |7 0 |8 X |9 393219 |a FDOBUD |b FDOBUD |d 2019-11-22 |i 4546296 |o 196.1 ESP 2006 |p 4546296 |r 2019-11-22 |w 2019-11-22 |y BK_X |k BUD | ||
| 952 | |0 0 |1 0 |3 erb |4 0 |6 196_100000000000000_ESP_2006 |7 0 |8 A |9 393220 |a BIBEDU |b BIBEDU |d 2019-08-07 |e 39 |g 52166.00 |i 5557534 |l 1 |m 1 |o 196.1 ESP 2006 |p 5557534 |r 2023-05-18 |s 2023-03-30 |v 52166.00 |w 2019-11-22 |y BK |z Catalogado en:20190809 |k FIL | ||
| 952 | |0 0 |1 0 |3 erb |4 0 |6 196_100000000000000_ESP_2006 |7 0 |8 A |9 393221 |a BIBEDU |b BIBEDU |d 2019-08-07 |e 39 |g 52166.00 |i 5557542 |o 196.1 ESP 2006 |p 5557542 |r 2019-11-22 |v 52166.00 |w 2019-11-22 |y BK |z Catalogado en:20190809 |k FIL | ||
| 952 | |0 0 |1 0 |2 ddc |4 0 |6 196_100000000000000_ESP_2006 |7 0 |8 A |9 582774 |a BIBTEO |b BIBTEO |c GEN |d 2022-04-25 |e Donación |i 5650921 |o 196.1 ESP 2006 |p 5650921 |r 2025-01-17 |t 10 |w 2022-04-25 |y BK |k ICR | ||